Конструирование новых лигандов цитохрома Р-450 среди соединений мочевины; Химико-фармацевтический журнал; Т. 39, № 1
| Parent link: | Химико-фармацевтический журнал.— , 1978- Т. 39, № 1.— 2005.— [С. 19-21] |
|---|---|
| Weitere Verfasser: | , , , , , , |
| Zusammenfassung: | Заглавие с экрана На основе QSAR-моделей, построенных методом фронтальных многоугольников (ФМ), выполнено конструирование новых лигандов цитохрома Р-450 CYPIIB1. Осуществлен de novo дизайн и синтез следующих соединений: 2-фенил-6-бензил-2,4,6,8-тетраазабицикло[3.3.0]октан-3,7-дион, N-ацетил-N{′}-(1-фенилэтил)мочевина, (1-фенил-3-метилбутил)мочевина. Спектрофотометрически исследовано взаимодействие этих веществ с фенобарбитал-индуцированными микросомами печени крыс. Измеренные константы диссоциации Ks фермент-субстратных комплексов хорошо согласуются со значениями, предсказанными с помощью QSAR-моделей. Полученные результаты свидетельствуют о перспективности использования метода ФМ для конструирования биологически активных соединений. Режим доступа: по договору с организацией-держателем ресурса |
| Sprache: | Russisch |
| Veröffentlicht: |
2005
|
| Schlagworte: | |
| Online-Zugang: | http://elibrary.ru/item.asp?id=22594216 http://chem.folium.ru/index.php/chem/article/view/1968 |
| Format: | Elektronisch Buchkapitel |
| KOHA link: | https://koha.lib.tpu.ru/cgi-bin/koha/opac-detail.pl?biblionumber=653633 |
MARC
| LEADER | 00000naa0a2200000 4500 | ||
|---|---|---|---|
| 001 | 653633 | ||
| 005 | 20250227160627.0 | ||
| 035 | |a (RuTPU)RU\TPU\network\19127 | ||
| 035 | |a RU\TPU\network\12099 | ||
| 090 | |a 653633 | ||
| 100 | |a 20170320d2005 k||y0rusy50 ca | ||
| 101 | 0 | |a rus | |
| 102 | |a RU | ||
| 135 | |a drcn ---uucaa | ||
| 181 | 0 | |a i | |
| 182 | 0 | |a b | |
| 200 | 1 | |a Конструирование новых лигандов цитохрома Р-450 среди соединений мочевины |d New cytochrome P-450 ligands based on urea derivatives |f А. И. Хлебников [и др.] | |
| 203 | |a Текст |c электронный | ||
| 300 | |a Заглавие с экрана | ||
| 320 | |a [Библиогр.: с. 21 (19 назв.)] | ||
| 330 | |a На основе QSAR-моделей, построенных методом фронтальных многоугольников (ФМ), выполнено конструирование новых лигандов цитохрома Р-450 CYPIIB1. Осуществлен de novo дизайн и синтез следующих соединений: 2-фенил-6-бензил-2,4,6,8-тетраазабицикло[3.3.0]октан-3,7-дион, N-ацетил-N{′}-(1-фенилэтил)мочевина, (1-фенил-3-метилбутил)мочевина. Спектрофотометрически исследовано взаимодействие этих веществ с фенобарбитал-индуцированными микросомами печени крыс. Измеренные константы диссоциации Ks фермент-субстратных комплексов хорошо согласуются со значениями, предсказанными с помощью QSAR-моделей. Полученные результаты свидетельствуют о перспективности использования метода ФМ для конструирования биологически активных соединений. | ||
| 333 | |a Режим доступа: по договору с организацией-держателем ресурса | ||
| 461 | |t Химико-фармацевтический журнал |d 1978- | ||
| 463 | |t Т. 39, № 1 |v [С. 19-21] |d 2005 | ||
| 510 | 1 | |a New cytochrome P-450 ligands based on urea derivatives |z eng | |
| 610 | 1 | |a труды учёных ТПУ | |
| 610 | 1 | |a электронный ресурс | |
| 610 | 1 | |a мочевина | |
| 610 | 1 | |a лиганды | |
| 610 | 1 | |a моделирование | |
| 610 | 1 | |a цитохрома Р-450 | |
| 701 | 1 | |a Хлебников |b А. И. |c химик |c профессор Томского политехнического университета |f 1963- |g Андрей Иванович |3 (RuTPU)RU\TPU\pers\33924 |9 17497 | |
| 701 | 1 | |a Ахмеджанов |b Р. Р. |c специалист в области экологии и безопасности жизнедеятельности |c профессор Томского политехнического университета, доктор биологических наук |f 1964- |g Рафик Равильевич |3 (RuTPU)RU\TPU\pers\27757 | |
| 701 | 1 | |a Набока |b О. И. | |
| 701 | 1 | |a Бакибаев |b А. А. |c химик |c профессор Томского политехнического университета, доктор химических наук |f 1960- |g Абдигали Абдиманапович |3 (RuTPU)RU\TPU\pers\27073 | |
| 701 | 1 | |a Тартынова |b М. И. |c химик |c доцент Томского политехнического университета, кандидат химических наук |f 1969- |g Марина Игоревна |3 (RuTPU)RU\TPU\pers\27799 | |
| 701 | 1 | |a Новожеева |b Т. П. | |
| 701 | 1 | |a Саратиков |b А. С. | |
| 801 | 2 | |a RU |b 63413507 |c 20170320 |g RCR | |
| 856 | 4 | 0 | |u http://elibrary.ru/item.asp?id=22594216 |
| 856 | 4 | |u http://chem.folium.ru/index.php/chem/article/view/1968 | |
| 942 | |c CF | ||